[Event "Humenne Reinter op"]
[Site "Humenne"]
[Date "2015.??.??"]
[Round "2"]
[White "Peracek, Jan"]
[Black "Michel, Norbert"]
[Result "0-1"]
[WhiteElo "1633"]
[BlackElo "1874"]
[PlyCount "82"]
[EventDate "2015.06.12"]
[EventType "swiss"]
[EventRounds "7"]
[EventCountry "SVK"]
[SourceTitle "CBM 167 Extra"]
[Source "ChessBase"]
[SourceDate "2015.09.14"]
[SourceVersion "1"]
[SourceVersionDate "2015.09.14"]
[SourceQuality "1"]

1. c4 c5 2. Nc3 Nf6 3. g3 e6 4. Bg2 d5 5. cxd5 exd5 6. d3 d4 7. Ne4 Nxe4 8. Bxe4 Bd6 9. Qc2 0-0 10. Nf3 Nd7 11. 0-0 Nf6 12. Ng5 h6 13. Nf3 Nxe4 14. dxe4 b6 15. Nh4 Be7 16. Nf5 Bg5 17. h4 Bxc1 18. Raxc1 g6 19. Nxh6+ Kg7 20. Qd2 Rh8 21. Nxf7 Kxf7 22. b4 Rh5 23. bxc5 bxc5 24. e3 Bh3 25. exd4 Bxf1 26. Kxf1 Qxd4 27. Qf4+ Qf6 28. Qc7+ Qe7 29. Qf4+ Kg7 30. Kg2 Re5 31. f3 Rf8 32. Qe3 Qd6 33. f4 Rxe4 34. Qxe4 Qd2+ 35. Kh3 Qxc1 36. Qe5+ Rf6 37. Qe7+ Rf7 38. Qe5+ Kh7 39. Qe6 Qh1+ 40. Kg4 Qd1+ 41. Kh3 Qd7 0-1

[Event "SVK-chT2D 1314"]
[Site "Slovakia"]
[Date "2013.11.24"]
[Round "4.8"]
[White "Peracek, Jan"]
[Black "Sarocky, Lukas"]
[Result "0-1"]
[WhiteElo "1621"]
[BlackElo "1738"]
[PlyCount "102"]
[EventDate "2013.10.19"]
[EventType "team-tourn"]
[EventRounds "11"]
[EventCountry "SVK"]
[SourceTitle "EXT 2015"]
[Source "ChessBase"]
[SourceDate "2014.11.20"]
[SourceVersion "1"]
[SourceVersionDate "2014.11.20"]
[SourceQuality "1"]
[WhiteTeam "Humenne II"]
[BlackTeam "Sabinov II"]
[WhiteTeamCountry "SVK"]
[BlackTeamCountry "SVK"]

1. e4 c5 2. Nf3 e6 3. d4 cxd4 4. Nxd4 a6 5. Bd3 Bc5 6. Nb3 Ba7 7. Nc3 Nc6 8. 0-0 Nge7 9. Bf4 d5 10. exd5 Nxd5 11. Nxd5 Qxd5 12. Qe2 Nd4 13. Qe5 Qxe5 14. Bxe5 Nxb3 15. axb3 f6 16. Bd6 Kf7 17. Rfe1 e5 18. Kf1 Rd8 19. Bb4 Be6 20. Rad1 Rac8 21. Bc4 b5 22. Bxe6+ Kxe6 23. Ba5 Rxd1 24. Rxd1 Rxc2 25. Rd2 Rxd2 26. Bxd2 Kd5 27. Ke2 Bd4 28. Bc3 e4 29. f3 f5 30. h3 g5 31. g4 f4 32. Bb4 Bf6 33. Bc3 Bxc3 34. bxc3 exf3+ 35. Kxf3 a5 36. h4 h6 37. hxg5 hxg5 38. Ke2 a4 39. c4+ bxc4 40. bxa4 Kc5 41. Kd2 Kb4 42. a5 Kxa5 43. Kc3 f3 44. Kxc4 f2 45. Kd3 f1Q+ 46. Ke4 Qf4+ 47. Kd5 Qe3 48. Kd6 Qe4 49. Kc7 Qe6 50. Kd8 Qf7 51. Kc8 Kb6 0-1